000 00699nam a2200193Ia 4500
003 GCL
008 140319s9999 xx 000 0 ara d
040 _aGCL /
_cGCL
082 0 4 _a813.009
_bم ا
100 1 _aمحمود امين العالم
245 1 0 _aاربعون عاما من النقد التطبيقىالبنية والدلالة فى القصة والرواية العربية المعاصرة /
_cمحمود امين العالم
260 _a[S.N] :
_bدار المستقبل العربى ،
_c1994
300 _a494 ص
490 _a
650 0 4 _aالادب العربى
650 0 4 _aالقصص العربية
650 0 4 _aالمذاهب الادبية
942 _2ddc
_cBK
999 _c54330
_d54330